|
|
|
|
| LEADER |
01291nam a22002897a 4500 |
| 001 |
33256 |
| 003 |
BD-DhAAL |
| 005 |
20190521123827.0 |
| 008 |
180707t2002 enkabc 000 0 eng d eng |
| 999 |
|
|
|c 39587
|d 39587
|
| 020 |
|
|
|a 0954279700
|
| 020 |
|
|
|a 9780954279707
|
| 040 |
|
|
|a BD-DhAAL
|
| 082 |
|
|
|a 362.4095492
|2 21
|
| 100 |
|
|
|a Waldie, Elspeth
|9 26640
|
| 245 |
|
|
|a Triumph of the challenged :
|b conversations with especially able people /
|c Elspeth Waldie.
|
| 260 |
|
|
|a Ilminster :
|b Purple Field Press,
|c c2002
|
| 300 |
|
|
|a 224 pages, [8]p. of plates :
|b illustrations (chiefly colors), 1 map, 1 port. ;
|c 21 cm.
|
| 504 |
|
|
|a Includes bibliographical references.
|
| 526 |
|
|
|a ARC
|
| 600 |
|
|
|a Waldie, Elspeth
|x Travel
|z Bangladesh
|9 26641
|
| 650 |
|
|
|a People with disabilities
|z Bangladesh
|x Social conditions
|9 26642
|
| 651 |
|
|
|a Bangladesh
|x Description and travel
|9 26643
|
| 651 |
|
|
|a Bangladesh
|x Social conditions
|9 26644
|
| 852 |
|
|
|a Department of Architecture
|c General Stacks
|
| 942 |
|
|
|2 ddc
|c BK
|
| 952 |
|
|
|0 0
|1 1
|2 ddc
|4 0
|6 362_409549200000000_WAL
|7 0
|9 63605
|a ARC
|b ARC
|c GEN
|d 2018-07-07
|l 0
|o 362.4095492 WAL
|p 3010033256
|r 2018-07-07
|t 1
|w 2018-07-07
|y BK
|x lost from the ARC department library and approved by the Dean (reasons personal books withdrawn by Hasibul Kabir Sir and Building shifting)
|